Pokémon Types by Clue - Statistics

General Stats
  • This quiz has been taken 34 times
  • The average score is 14 of 19
Answer Stats
Hint Answer % Correct
A Pokémon with the Poison and Fighting types is 4x weak to this type. Psychic
93%
Strange Steam, Crafty Shield, and Let's Snuggle Forever are all names of moves of this type. Fairy
90%
The Levitate ability gives Pokémon an immunity to this type. Ground
90%
Moves of this type can never deal super effective damage. Normal
90%
When a Pokémon of this type is sent into battle, Toxic Spikes that have been set up by the opponent are removed. Poison
90%
This type resists or is immune to moves of 11 different types. Steel
90%
The gym leader of Cerulean City specializes in this type of Pokémon. Water
90%
Escavalier is the only Pokémon of this type to have ever been on a winning team at the Pokémon World Championships. Bug
86%
The Dark and Steel types were added in Pokémon Gold and Silver in order to nerf the Psychic type, but also to buff this type. Fighting
76%
Moves of this type deal 50% more damage when used during harsh sunlight. Fire
76%
This is the only type that is immune to two other types. Ghost
76%
More Pokémon have a 4x weakness to this type than to any other type. Grass
72%
With the addition of Hawlucha in Pokémon X and Y, this type became the first type to have been paired with every other type at least once. Flying
69%
Pokémon of this type are immune to non-damaging moves used by other Pokémon with the ability Prankster. Dark
66%
This type is weak to five other types, including Steel. Rock
66%
No Mega Evolutions of this type were introduced in Pokémon Omega Ruby and Alpha Sapphire. Electric
62%
Before Pokémon Diamond and Pearl, moves of some types were always considered to be special moves. This is the only special type that is not the type of any Eeveelution. Dragon
55%
The gym leader Gordie can only be battled in Pokémon Sword. His replacement in Pokémon Shield specializes in this type. Ice
55%
The only moves that can ever be of this type are Tera Blast and Tera Starstorm. Stellar
52%
No matching quizzes found
Score Distribution
Percent of People with Each Score
Percentile by Number Answered
Your Score History
You have not taken this quiz